| 000 | 00936cam a2200217 4500 | ||
|---|---|---|---|
| 001 | ABS67931 | ||
| 008 | 040625n2004 000 0 eng u | ||
| 035 | _a(Sirsi) u126610 | ||
| 100 | _aCarmona, M. | ||
| 245 | _aPlanning and house building: a step from the bottom up | ||
| 260 | _c2004 | ||
| 490 |
_aTown Planning Review _v75(1) 2004, 97-122(26) |
||
| 520 | _aDraws on the findings of 11 local case studies to demonstrate how a range of local practices and initiatives guiding new housing development are addressing the need for greater speed and efficiency, the lack of inclusive planning and decision making, the failure to integrate policy areas and the lack of certainty and transparency in policy and its implementation. References. | ||
| 590 | _aABS | ||
| 590 | _aABS | ||
| 650 | _aSUSTAINABLE DEVELOPMENT | ||
| 650 | _aSUSTAINABLE HOUSING | ||
| 690 | _aHOUSING-DEVELOPMENT | ||
| 700 | _aGallent, G. | ||
| 942 | _n0 | ||
| 999 |
_c117599 _d117599 |
||